<?xml version="1.0" encoding="UTF-8"?>
<collection xmlns="http://www.loc.gov/MARC21/slim">
 <record>
  <leader>00370pamaa2200145   4500</leader>
  <controlfield tag="001">0000032195</controlfield>
  <controlfield tag="005">20070827090000.0</controlfield>
  <datafield tag="020" ind1="0" ind2="0">
   <subfield code="a">1876734035 </subfield>
  </datafield>
  <datafield tag="082" ind1=" " ind2=" ">
   <subfield code="a">330 AVE</subfield>
  </datafield>
  <datafield tag="090" ind1="0" ind2="0">
   <subfield code="a">HB171.5 </subfield>
   <subfield code="b">AVE 1995</subfield>
  </datafield>
  <datafield tag="100" ind1="1" ind2="0">
   <subfield code="a">AVERIS </subfield>
  </datafield>
  <datafield tag="245" ind1="1" ind2="0">
   <subfield code="a">Economics : </subfield>
   <subfield code="b">revision workbook  </subfield>
   <subfield code="c">Dianne Averis.</subfield>
  </datafield>
  <datafield tag="260" ind1="0" ind2="0">
   <subfield code="a">Adelaide: </subfield>
   <subfield code="b">Greg Eather, </subfield>
   <subfield code="c">1995.</subfield>
  </datafield>
  <datafield tag="300" ind1=" " ind2=" ">
   <subfield code="a">166p.: </subfield>
   <subfield code="b">ill.; </subfield>
   <subfield code="c">30cm.</subfield>
  </datafield>
  <datafield tag="650" ind1="0" ind2="0">
   <subfield code="a">Economics </subfield>
  </datafield>
 </record>
</collection>
